Fort Boyard en images - Statistiques

Statistiques générales
  • Ce quiz a été pris 180 fois
  • Le résultat moyen est 13 sur 18
Statistiques - réponses
Par images Hint Réponse % Correct
Chaîne France 2
100%
Personnage Père Fouras
99%
Animateur Olivier Minne
95%
Personnage Passe-Partout
93%
Monnaie Boyard
92%
Objet Indice
80%
Personnage Chef Willy
78%
Devise Toujours plus loin, toujours plus haut, toujours plus fort !
77%
Objet Clepsydre
70%
Candidate récurrente Elodie Gossuin
68%
Epreuve Caserne
62%
Lieu La Cage
57%
Animateur Patrice Lafont
56%
Ordre Maîtres du Temps
50%
Enigme Canapé
47%
Phase de jeu Jugement
47%
Epreuve Cabine abandonnée
41%
Ile Ile d'{Aix}
38%
Aucun quiz correspondant
Distribution des résultats
% des personnes avec chaque résultat
Percentile par nombre de réponses
Votre historique - résultats
Vous n’avez pas pris ce quiz